00689nam a2200217 4500003000200000005001700002008000200019010001300021020001500034035001300049037001800062040001500080082001600095100002600111245015300137260003700290270004300327300002500370650005400395650002200449020180806110230.00 aB-045787 a8175052147 aB-045787 bCen Lib / Ret aDPLbENc0 a181.45bGIT aSwami Ranganathananda aUniversal message of the bhagavad gita :ban exposition of the Gītā in the light of modern thought and modern needs /cby Swami Ranganathananda  aCalcutta bAdvaita Ashramac2000 a5 Delhi Entally RoadbCalcuttae700014 a(v 1. 519)b24cm(Hb) aBhagavadgīta -- Criticism, interpretation, etc. aBhagavadgītā.